000 00399nam a2200133Ia 4500
008 151001s9999||||xx |||||||||||||| ||und||
100 _aगौरी शंकर असावा
245 _aकुम्भलगढ अजेय-दुर्ग
250 _a1
260 _bराजस्थानी ग्रंथागार
260 _c2008
300 _a48
365 _b21
999 _c992866
_d992863